Normal view MARC view

Entry Personal Name

Number of records used in: 1

001 - CONTROL NUMBER

  • control field: 29094

003 - CONTROL NUMBER IDENTIFIER

  • control field: OSt

005 - DATE AND TIME OF LATEST TRANSACTION

  • control field: 20260615095312.0

008 - FIXED-LENGTH DATA ELEMENTS

  • fixed length control field: 260615|| aca||aabn | a|a d

040 ## - CATALOGING SOURCE

  • Original cataloging agency: OSt
  • Transcribing agency: OSt

100 ## - HEADING--PERSONAL NAME

  • Personal name: Espeland, Pamela (Ed.)

670 ## - SOURCE DATA FOUND

  • Source citation: Work cat.: (OSt)24234: Winebrenner, Susan 27084, Teaching Gifted Kids in the Regular Classroom :Strategies and Techniques Every Teacher can Use to Meet the Academic Needs of the Gifted And Talented, 2001

Powered by Koha